000 01348nam0a2200361 4500
001 RU\NLR\BIBL_A\012918478
005 20251227175613.0
010 _a978-5-17-138334-3
_92500
021 _aRU
_bКН-П-22-061664
_9КН-П-22-5335
035 _a(NLR Aleph) 012918478
035 _a(RuMoRGB)011204686
090 _a12636915
_c12636915
100 _a20221024d2022 m y0rusy50 ca
101 1 _arus
_ceng
102 _aRU
105 _aa z 000ay
181 0 _ai
_baxxe
182 0 _an
200 1 _aХор больных детей
_aСкорбь ноября
_e[романы]
_fТом Пиккирилли
_gперевод с английского: Юлия Кирюкова, Мария Акимова
203 _aТекст
_bвизуальный
_cнепосредственный
210 _aМосква
_cАСТ
_d2022
215 _a508, [1] с.
_cил.
_d21
225 1 _aЛегенды хоррора
300 _aСодержит нецензурную брань
333 _a18+
675 _a821.111(73)-31
_v4
686 1 _aШ6(7США)67-445{Лх1979-62}
700 1 _7ca
_8rus
_aПиккирилли
_bТ.
_f1965-2015
_gТом
_9252824
_3RU\NLR\AUTH\770252880
942 _cBOOK
980 _aNB